<?xml version="1.0" encoding="UTF-8"?><?xml-stylesheet type="text/xsl" href="static/style.xsl"?><OAI-PMH xmlns="http://www.openarchives.org/OAI/2.0/" xmlns:xsi="http://www.w3.org/2001/XMLSchema-instance" xsi:schemaLocation="http://www.openarchives.org/OAI/2.0/ http://www.openarchives.org/OAI/2.0/OAI-PMH.xsd"><responseDate>2026-04-17T16:19:25Z</responseDate><request verb="GetRecord" identifier="oai:www.recercat.cat:11351/12282" metadataPrefix="marc">https://recercat.cat/oai/request</request><GetRecord><record><header><identifier>oai:recercat.cat:11351/12282</identifier><datestamp>2025-10-24T10:43:38Z</datestamp><setSpec>com_2072_378070</setSpec><setSpec>com_2072_378040</setSpec><setSpec>col_2072_378092</setSpec></header><metadata><record xmlns="http://www.loc.gov/MARC21/slim" xmlns:dcterms="http://purl.org/dc/terms/" xmlns:xsi="http://www.w3.org/2001/XMLSchema-instance" xmlns:doc="http://www.lyncode.com/xoai" xsi:schemaLocation="http://www.loc.gov/MARC21/slim http://www.loc.gov/standards/marcxml/schema/MARC21slim.xsd">
   <leader>00925njm 22002777a 4500</leader>
   <datafield ind2=" " ind1=" " tag="042">
      <subfield code="a">dc</subfield>
   </datafield>
   <datafield ind2=" " ind1=" " tag="720">
      <subfield code="a">Núñez, Julio</subfield>
      <subfield code="e">author</subfield>
   </datafield>
   <datafield ind2=" " ind1=" " tag="720">
      <subfield code="a">Bascompte Claret, Ramón</subfield>
      <subfield code="e">author</subfield>
   </datafield>
   <datafield ind2=" " ind1=" " tag="720">
      <subfield code="a">Zegri-Reiriz, Isabel</subfield>
      <subfield code="e">author</subfield>
   </datafield>
   <datafield ind2=" " ind1=" " tag="720">
      <subfield code="a">Gayan Ordas, Jara</subfield>
      <subfield code="e">author</subfield>
   </datafield>
   <datafield ind2=" " ind1=" " tag="720">
      <subfield code="a">Llàcer Iborra, Pau</subfield>
      <subfield code="e">author</subfield>
   </datafield>
   <datafield ind2=" " ind1=" " tag="720">
      <subfield code="a">De la Espriella, Rafael</subfield>
      <subfield code="e">author</subfield>
   </datafield>
   <datafield ind2=" " ind1=" " tag="720">
      <subfield code="a">Méndez Fernández, Ana Belén</subfield>
      <subfield code="e">author</subfield>
   </datafield>
   <datafield ind2=" " ind1=" " tag="720">
      <subfield code="a">Soler, María José</subfield>
      <subfield code="e">author</subfield>
   </datafield>
   <datafield ind2=" " ind1=" " tag="260">
      <subfield code="c">2024-11-26T13:58:40Z</subfield>
   </datafield>
   <datafield ind2=" " ind1=" " tag="260">
      <subfield code="c">2024-11-26T13:58:40Z</subfield>
   </datafield>
   <datafield ind2=" " ind1=" " tag="260">
      <subfield code="c">2024</subfield>
   </datafield>
   <datafield ind2=" " ind1=" " tag="520">
      <subfield code="a">Chronic heart failure; Congestion; Natriuretic peptides</subfield>
   </datafield>
   <datafield ind2=" " ind1=" " tag="520">
      <subfield code="a">Insuficiència cardíaca crònica; Congestió; Pèptids natriurètics</subfield>
   </datafield>
   <datafield ind2=" " ind1=" " tag="520">
      <subfield code="a">Insuficiencia cardíaca crónica; Congestión; Péptidos natriuréticos</subfield>
   </datafield>
   <datafield ind2=" " ind1=" " tag="520">
      <subfield code="a">Introduction: A comprehensive assessment of congestion, including circulating biomarkers, is recommended in patients with acute heart failure. The circulating biomarkers natriuretic peptides (NPs) and carbohydrate antigen-125 (CA125) could be useful for congestion assessment in ambulatory chronic heart failure (CHF), but there is only limited information about their applicability in this context. Therefore, this study aimed to examine the association of plasma CA125 and NP levels with clinical and ultrasound congestion parameters in CHF. Methods: This is a cross-sectional substudy of the Cardioren Spanish Registry, which enrolled 1,107 patients with CHF from 13 tertiary hospitals in Spain between October 2021 and February 2022. Through ambulatory visits, we performed a comprehensive assessment of congestion-related parameters, including clinical variables (orthopnea, peripheral edema, and jugular engorgement, represented by the composite congestion score [CCS]), echocardiography variables (lung B-lines and inferior vena cava [IVC] diameter), and circulating biomarkers (CA125 and NPs). The association of the NP and CA125 levels with the clinical and echocardiographic congestion parameters was examined by multiple linear and logistic regression analyses. Results: This substudy included 802 patients for whom all the biomarker parameters were available {median age, 74 (interquartile range [IQR], 63–81) years; 65% male}. The proportion of patients with left ventricular ejection fraction ≥50% and estimated glomerular filtration rate &lt;60 was 34% and 58%, respectively. The median CCS was 0 (IQR: 0–1), with 45% of the sample exhibiting a median CCS of ≥1. The jugular engorgement, peripheral edema, and orthopnea rates were 32%, 21%, and 21%, respectively. A total of 35% of patients who underwent ultrasound examination showed lung B-lines, and the median IVC diameter was 16 mm. The median CA125 and NTproBNP levels were 14 U/mL (IQR: 9–28) and 1,382 pg/mL (IQR: 563–3,219), respectively. Multivariate analysis showed that higher CA125 levels were independently associated with higher odds of peripheral edema (p = 0.023) and lung B-lines (p &lt; 0.001). Further, NTproBNP was positively associated with jugular engorgement (p &lt; 0.001), orthopnea (p = 0.034), and enlarged IVC diameter (p = 0.031). Conclusions: Clinical signs of congestion are frequent in CHF. In the ambulatory setting, NTproBNP was associated with parameters linked to intravascular congestion such as orthopnea, jugular engorgement, and IVC diameter, whereas CA125 was associated with extravascular volume overload parameters (peripheral edema and lung B-lines).</subfield>
   </datafield>
   <datafield ind2=" " ind1=" " tag="520">
      <subfield code="a">This study was funded by Astra Zeneca Spain.</subfield>
   </datafield>
   <datafield ind1="8" ind2=" " tag="024">
      <subfield code="a">http://hdl.handle.net/11351/12282</subfield>
   </datafield>
   <datafield tag="653" ind2=" " ind1=" ">
      <subfield code="a">Ecocardiografia</subfield>
   </datafield>
   <datafield tag="653" ind2=" " ind1=" ">
      <subfield code="a">Insuficiència cardíaca</subfield>
   </datafield>
   <datafield tag="653" ind2=" " ind1=" ">
      <subfield code="a">Marcadors bioquímics</subfield>
   </datafield>
   <datafield tag="653" ind2=" " ind1=" ">
      <subfield code="a">Registres mèdics</subfield>
   </datafield>
   <datafield tag="653" ind2=" " ind1=" ">
      <subfield code="a">DISEASES::Cardiovascular Diseases::Heart Diseases::Heart Failure</subfield>
   </datafield>
   <datafield tag="653" ind2=" " ind1=" ">
      <subfield code="a">ANALYTICAL, DIAGNOSTIC AND THERAPEUTIC TECHNIQUES, AND EQUIPMENT::Diagnosis::Diagnostic Techniques and Procedures::Diagnostic Imaging::Cardiac Imaging Techniques::Echocardiography</subfield>
   </datafield>
   <datafield tag="653" ind2=" " ind1=" ">
      <subfield code="a">ANALYTICAL, DIAGNOSTIC AND THERAPEUTIC TECHNIQUES, AND EQUIPMENT::Investigative Techniques::Epidemiologic Methods::Data Collection::Registries</subfield>
   </datafield>
   <datafield tag="653" ind2=" " ind1=" ">
      <subfield code="a">ENFERMEDADES::enfermedades cardiovasculares::enfermedades cardíacas::insuficiencia cardíaca</subfield>
   </datafield>
   <datafield tag="653" ind2=" " ind1=" ">
      <subfield code="a">TÉCNICAS Y EQUIPOS ANALÍTICOS, DIAGNÓSTICOS Y TERAPÉUTICOS::diagnóstico::técnicas y procedimientos diagnósticos::diagnóstico por imagen::técnicas de imagen cardíaca::ecocardiografía</subfield>
   </datafield>
   <datafield tag="653" ind2=" " ind1=" ">
      <subfield code="a">TÉCNICAS Y EQUIPOS ANALÍTICOS, DIAGNÓSTICOS Y TERAPÉUTICOS::técnicas de investigación::métodos epidemiológicos::recopilación de datos::registros</subfield>
   </datafield>
   <datafield ind2="0" ind1="0" tag="245">
      <subfield code="a">Usefulness of Antigen Carbohydrate 125 and N-Terminal Pro-B-Type Natriuretic Peptide for Assessing Congestion in Chronic Heart Failure: Insights from the CARDIOREN Registry</subfield>
   </datafield>
</record></metadata></record></GetRecord></OAI-PMH>